Obres i activitats locals /
ISBN:
84-7794--549-7
Descripción Física:
555 pàgines ; 25 cm
Colección:
Formularis de dret local
; 2
Otros Autores:
Alonso González, Leonor
MARC
| LEADER | 00000nam a2200000Ia 4500 | ||
|---|---|---|---|
| 001 | 11990 | ||
| 008 | 160829s1998 xx 000 0 cat d | ||
| 017 | |a DL B-18169-98 | ||
| 020 | |a 84-7794--549-7 | ||
| 080 | |a M-1-226 | ||
| 245 | |a Obres i activitats locals / |c elaboració: Leonor Alonso i González [i 5 més] | ||
| 260 | |a Barcelona : |b Diputació de Barcelona. Servei d'Assistència Jurídica Local, |c abril de 1998 | ||
| 300 | |a 555 pàgines ; |c 25 cm | ||
| 490 | |a Formularis de dret local ; |v 2 | ||
| 650 | |a Serveis municipals |x Dret i legislació |x Catalunya |x Formularis |9 31580 | ||
| 650 | |a Administració local |x Dret i legislació |x Catalunya |x Formularis |9 31581 | ||
| 700 | |9 26186 |a Alonso González, Leonor | ||
| 710 | 1 | |9 54263 |a Barcelona (Catalunya : Província). |b Servei d'Assistència Jurídica Local | |
| 901 | |a Arxiu | ||
| 942 | |n 1 |2 udc |c ARXIU | ||
| 952 | |0 0 |1 0 |4 0 |6 M1226 |7 1 |9 45679 |a Arxiu |b Arxiu |d 2016-12-01 |l 0 |o M-1-226 |p 11990 |r 2016-12-01 00:00:00 |w 2016-12-01 |y ARXIU | ||
| 952 | |0 0 |1 0 |4 0 |6 PDL |7 1 |9 63505 |a Arxiu |b Arxiu |d 2022-08-22 |l 0 |o PDL |p 26516 |r 2022-08-22 00:00:00 |w 2022-08-22 |y ARXIU | ||
| 999 | |c 49179 |d 49179 | ||